The jaguar's children: pre-classic central Mexico /

Bibliographic Details
Main Author: Coe, Michael D.
Corporate Author: Museum of Primitive Art (New York, N.Y.)
Format: Book
Language:English
Subjects:

MARC

Tag First Indicator Second Indicator Subfields
LEADER 00000cam a2200000 4500
001 in00000264321
005 20151010053149.0
008 721101s1965 ctuab 00010 eng d
010 |a  65015714  
035 |a (OCoLC)00484067 
035 |9 ABC3478AM 
040 |c WSU  |d TXA  |d UtOrBLW 
049 |a TXAM  |c [703372] 
090 |a F1219.3.A7  |b C56 
100 1 |a Coe, Michael D. 
245 1 4 |a The jaguar's children: pre-classic central Mexico /  |c by Michael D. Coe. 
264 2 |a New York :  |b Museum of Primitive Art; distributed by the New York Graphic Society, Greenwich, Conn.,  |c 1965. 
300 |a 126 pages :  |b illustrations, maps. 
336 |a text  |b txt  |2 rdacontent 
337 |a unmediated  |b n  |2 rdamedia 
338 |a volume  |b nc  |2 rdacarrier 
500 |a "Based upon materials assembled for an exhibition of early central Mexican art which was held at the Museum of Primitive Art from February 17 to May 5, 1965." 
504 |a Bibliography: pages 125-126. 
650 0 |a Indians of Mexico  |x Antiquities. 
650 0 |a Indian art  |z Mexico. 
650 0 |a Olmecs. 
651 0 |a Mexico  |x Antiquities. 
710 2 |a Museum of Primitive Art (New York, N.Y.) 
999 |a MARS 
999 f f |s cfdd9473-25fd-3050-8146-66f04e26d338  |i 757f4a66-1c23-33b8-bbaf-46187355a49c  |t 0 
952 f f |p ric  |a Texas A&M University  |b Rellis Campus  |c Joint Library Facility  |d Remote Storage  |t 0  |e F1219.3.A7 C56  |h Library of Congress classification  |i unmediated -- volume  |m A14802336941 
998 f f |a F1219.3.A7 C56  |t 0  |l Remote Storage